A dictionary of stylistics

Αποθηκεύτηκε σε:
Λεπτομέρειες βιβλιογραφικής εγγραφής
Κύριος συγγραφέας: Wales, Katie
Μορφή: Βιβλίο
Γλώσσα:English
Δημοσίευση: London : Longman, 2001
Έκδοση:2nd ed.
Σειρά:Studies in language and linguistics
Θέματα:
Ετικέτες: Προσθήκη ετικέτας
Δεν υπάρχουν, Καταχωρήστε ετικέτα πρώτοι!

MARC

LEADER 00000nam a2200000 i 4500
001 1/64150
008 041026s2001 eng d
020 |a 0-582-31737-1 
035 |l 10074956 
040 |a GR-MY-UA  |b gre  |e aacr 
041 0 |a eng 
082 0 |a 408 
100 1 |a Wales, Katie. 
245 1 2 |a A dictionary of stylistics /  |c Katie Wales 
250 |a 2nd ed. 
260 |a London :   |b Longman,   |c 2001 
300 |a 429 p. 
490 1 |a Studies in language and linguistics 
504 |a Includes bibliographical references and index 
650 0 0 |a Language and languages  |x Style  |x Handbooks, manuals, etc. 
650 0 0 |a Style, Literary  |x Handbooks, manuals, etc. 
830 0 |a Studies in language and linguistics 
852 |a INST  |b RHODES  |e 20041026  |h 408 WAL  |p 005400018277  |q 005400018277  |t REF  |y 23 
901 |a BIBL4-2004-3 
909 |a Ρ  |b 110099 
920 |a ΔΙΕΥΡΥΝΣΗ  |b ΕΠΕΑΕΚ ΙΙ-ΤΜΣ  |y ΡΟΔΟΣ  |z 2004-10 
970 |a ΚΟΥΛΑΚΙΟΤΗ  |b ΛΙΤΣΑ  |z 2004/10/26